000
00325nam a2200121Ia 4500
008
220204s9999 xx 000 0 und d
082
_a
681.31C
_b
MUL
100
_a
Cooper, Herbert L
245
0
_a
Spirit of C: An introduction to modern programming
260
_a
Bombay
_b
Jaico
_c
1988
700
_a
Mullish, Henry
942
_c
BK
999
_c
40624
_d
40624